| 000 | 00505nam a2200169Ia 4500 | ||
|---|---|---|---|
| 003 | GCL | ||
| 008 | 140319s9999 xx 000 0 ara d | ||
| 040 |
_aGCL / _cGCL |
||
| 082 | 0 | 4 |
_a634 _bح ن |
| 100 | 1 | _aحسين على ابوالفتح | |
| 245 | 1 | 0 |
_aنباتات برية فى أبها والمناطق المجاورة / _cحسين على ابوالفتح |
| 300 | _a125 ص | ||
| 490 |
_aكتاب _v0 |
||
| 650 | 0 | 4 | _aالنباتات |
| 650 | 0 | 4 | _aالنباتات البرية |
| 942 |
_2ddc _cBK |
||
| 999 |
_c42523 _d42523 |
||